Premiers of New South Wales - Statistics

General Stats
  • This quiz has been taken 11 times
  • The average score is 15 of 61
Answer Stats
Party Term Name % Correct
Labor 2023- Chris Minns
100%
Liberal 2021-2023 Dominic Perrottet
100%
Liberal 2017-2021 Gladys Berejiklian
100%
Liberal 2011-2014 Barry O'Farrell
89%
Labor 1995-2005 Bob Carr
89%
Labor 2009-2011 Kristina Keneally
78%
Labor 2008-2009 Nathan Rees
78%
Labor 1976-1986 Neville Wran
78%
Labor 1925-1927 Jack Lang
67%
Liberal 2014-2017 Michael Baird
67%
Labor 2005-2008 Morris Iemma
67%
Liberal 1988-1992 Nicholas Greiner
67%
Labor 1986-1988 Barrie Unsworth
56%
Liberal 1965-1975 Robert Askin
56%
Free Trade 1894-1899 George Reid
44%
Liberal 1992-1995 John Fahey
44%
Labor 1959-1964 Bob Heffron
33%
Liberal 1976 Eric Willis
33%
Independent 1872-1875 Henry Parkes
22%
Independent 1877 Henry Parkes
22%
Independent 1878-1883 Henry Parkes
22%
Free Trade 1887-1889 Henry Parkes
22%
Free Trade 1889-1891 Henry Parkes
22%
Labor 1952-1959 Joseph Cahill
22%
Labor 1983 Laurie Ferguson
22%
Labor 1941-1947 William McKell
22%
Labor 1947-1952 James McGirr
11%
Labor 1964-1965 John Renshaw
11%
Liberal 1975-1976 Thomas Lewis
11%
Protectionist 1899-1901 William Lyne
11%
United Australia 1939-1941 Alexander Mair
0%
Independent 1883-1885 Alexander Stuart
0%
United Australia 1932-1939 Bertram Stevens
0%
Independent 1856 Charles Cowper
0%
Independent 1857-1859 Charles Cowper
0%
Independent 1861-1863 Charles Cowper
0%
Liberal 1907-1910 Charles Wade
0%
Independent 1885 George Dibbs
0%
Protectionist 1889 George Dibbs
0%
Protectionist 1891-1894 George Dibbs
0%
Nationalist 1921 George Fuller
0%
Nationalist 1922-1925 George Fuller
0%
Independent 1856-1857 Henry Parker
0%
Labor 1921 James Dooley
0%
Labor 1921-1922 James Dooley
0%
Independent 1877-1878 James Farnell
0%
Independent 1870-1872 James Martin
0%
Labor 1910-1913 James McGowen
0%
Independent 1860-1861 John Robertson
0%
Independent 1875-1877 John Robertson
0%
Independent 1877 John Robertson
0%
Independent 1885-1886 John Robertson
0%
Progressive 1901-1904 John See
0%
Labor 1920-1921 John Storey
0%
Liberal Reform 1904-1907 Joseph Carruthers
0%
Independent 1886-1887 Patrick Jennings
0%
Independent 1856 Stuart Donaldson
0%
Nationalist 1927-1930 Thomas Bavin
0%
Progressive 1904 Thomas Waddell
0%
Independent 1859-1860 William Forster
0%
Labor/Nationalist 1913-1916 William Holman
0%
No matching quizzes found
Score Distribution
Percent of People with Each Score
Percentile by Number Answered
Your Score History
You have not taken this quiz